000 00457nam a22001697a 4500
003 NUST - PNEC
005 20170116181201.0
008 160217b xxu||||| |||| 00| 0 eng d
020 _a-
040 _cLIBRARY
082 _a430 WES
100 _916438
_aWessling, Holger
245 _aEPCollins's Worterbuch English (In German)
_cHolger, Wessling
260 _aGermany:
_cc1996
650 _916440
_aEnglish Grammer (German)
_xGeneral
942 _2ddc
_cBK
999 _c71476
_d71476